01427nam a2200265 a 450000100100000000500170001000800410002704000250006808200190009310000260011224500620013826000530020030000210025359000620027465000270033665000310036391000370039404900090043195201320044095201320057295201320070495201850083695201230102199900170114400001158220240530073912.0091021s1959 dr 000 f spa d aDO-SdBNPbspacBNPHU aRD863.44bO81h1 aOscar, Armando92426913aEl hombre de los pies de agua :bnovela /cArmando Oscar. aCiudad Trujillo :bLibrería Dominicana,c1959. a218 p. ;c21 cm. aLa biblioteca posee 1 ejemplar autografiado por el autor. 0aNovela dominicana9223 0aLiteratura dominicana.967 aValidado. Control de calidad MFF aBNPD 001054708DSaGRbGRcHDd2009-10-21iLF1l0oRD863.44 O81hp11582-30r2020-06-25te. 3w2020-06-25yLFDSZPréstamo en sala 001054708DSaGRbGRcHDd2009-10-21iLF1l0oRD863.44 O81hp11582-40r2020-06-25te. 4w2020-06-25yLFDSZPréstamo en sala 001054708DSaGRbGRcHDd2011-10-18iLF1l0oRD863.44 O81hp11582-50r2020-06-25te. 5w2020-06-25yLFDSZPréstamo en sala 0010718PDaPDbPDcHDd2009-10-21iLF1l0oRD863.44 O81hp11582-10r2020-06-25w2020-06-25yLFPDzPerteneció a la biblioteca personal de Carlos Larrabazal Blanco.ZNo se presta 0010718PDaPDbPDcHDd2009-10-21iLF1l0oRD863.44 O81hp11582-20r2020-06-25te. 2w2020-06-25yLFPDZNo se presta c11277d11277